ARRUPE JESUIT UNIVERSITY

CORONAVIRUS -STOP THE SPREAD - CLEAN,DISINFECT,COVER

The song of the earth : (Record no. 123498)

MARC details
000 -LEADER
fixed length control field 01132cam a2200289 a 4500
001 - CONTROL NUMBER
control field 4395812
003 - CONTROL NUMBER IDENTIFIER
control field ARRUPE
005 - DATE AND TIME OF LATEST TRANSACTION
control field 20151012155019.0
008 - FIXED-LENGTH DATA ELEMENTS--GENERAL INFORMATION
fixed length control field 920608s1993 inu b 001 0 eng
010 ## - LIBRARY OF CONGRESS CONTROL NUMBER
LC control number 92021043
020 ## - INTERNATIONAL STANDARD BOOK NUMBER
International Standard Book Number 025332694X (hard)
040 ## - CATALOGING SOURCE
Original cataloging agency DLC
Transcribing agency DLC
Modifying agency DLC
050 00 - LIBRARY OF CONGRESS CALL NUMBER
Classification number B3279.H49
Item number H2213 1993
082 00 - DEWEY DECIMAL CLASSIFICATION NUMBER
Classification number 193
Edition number 20
300 ## - PHYSICAL DESCRIPTION
Dimensions 24 cm.
100 1# - MAIN ENTRY--PERSONAL NAME
Personal name Haar, Michel.
9 (RLIN) 20129
240 10 - UNIFORM TITLE
Uniform title <a href="Chant de la terre.">Chant de la terre.</a>
Language of a work English
245 14 - TITLE STATEMENT
Title The song of the earth :
Remainder of title Heidegger and the grounds of the history of being /
Statement of responsibility, etc Michel Haar ; translated by Reginald Lilly ; foreword by John Sallis.
260 ## - PUBLICATION, DISTRIBUTION, ETC. (IMPRINT)
Place of publication, distribution, etc Bloomington :
Name of publisher, distributor, etc Indiana University Press,
Date of publication, distribution, etc c1993.
300 ## - PHYSICAL DESCRIPTION
Extent xviii, 181 p. ;
440 #0 - SERIES STATEMENT/ADDED ENTRY--TITLE
Title Studies in Continental thought
9 (RLIN) 4942
504 ## - BIBLIOGRAPHY, ETC. NOTE
Bibliography, etc Includes bibliographical references (p. 157-176) and index.
600 10 - SUBJECT ADDED ENTRY--PERSONAL NAME
Personal name Heidegger, Martin,
Dates associated with a name 1889-1976.
9 (RLIN) 20221
650 #0 - SUBJECT ADDED ENTRY--TOPICAL TERM
Topical term or geographic name as entry element Ontology
General subdivision History
Chronological subdivision 20th century.
9 (RLIN) 20222
906 ## - LOCAL DATA ELEMENT F, LDF (RLIN)
a 7
b cbc
c orignew
d 1
e ocip
f 19
g y-gencatlg
942 ## - ADDED ENTRY ELEMENTS (KOHA)
Source of classification or shelving scheme Library of Congress Classification
Koha item type Monograph ( Printed materials)
Holdings
Withdrawn status Lost status Source of classification or shelving scheme Damaged status Not for loan Collection code Home library Current library Shelving location Date acquired Total Checkouts Full call number Barcode Date last seen Price effective from Koha item type
    Library of Congress Classification     Main Collection ARRUPE LIBRARY ARRUPE LIBRARY Main Collection 12/10/2015   B3279.H49H2213 1993 46500005458 12/10/2015 12/10/2015 Monograph ( Printed materials)

 

Arrupe Library. PO Box MP320 Mt Pleasant, Harare, Zimbabwe
263 242 745411|librarian@aju.ac.zw